00941nam a2200253Ia 4500003000900000008004100009040001300050040001300063041000800076100002100084245003500105250002300140260002100163260000900184300001100193300001000204490001800214490000700232600020600239700001900445942000700464999001700471952019900488IT-RoPAU120407s9999 xx 000 0 und d aIT-RoPAU cIT-RoPAU aita aViolette Morin  aUn mito moderno: l’erotismo. aFrancavilla a Mare aEdizioni Paoline c1969 a142 p. c19 cm aAmore e sesso v17 aTit. orig.: Un Mythe moderne: l’érotisme. Trad. C. Benincasa, F. Teodori Vitelleschi. 1 - Erotismo I - Majault, Joseph II Benincasa, Carmine III Teodori Vitelleschi, Fiorella 301.41 BNI 70-181 aJoseph Majault cBK c25665d25665 00102ddc406308_16700000000000071aPAULUSbPAULUSd2012-04-11l0o308.167r2012-04-11 00:00:00w2012-04-11yBKzInserito da: Jole In data: 12 settembre 2011 fondo: Via A.Severo 56 Progr:35976